000 00877nam a22002297a 4500
005 20250417143951.0
008 250417b |||||||| |||| 00| 0 eng d
020 _a978-81-7770-153-1 (hbk)
037 _cTB
040 _aCRL
_cCRL
041 _2pun
_apun
084 _aO164,1F73x 153P8
_qCRL
100 _aਸਿੰਘ, ਪ੍ਰੀਤਮ
245 _aਦਿਲਾਂ ਲਈ ਰਾਹਤ
260 _aਅੰਮ੍ਰਿਤਸਰ, ਭਾਰਤ:
_bਗੁਰੂ ਨਾਨਕ ਦੇਵ ਯੂਨੀਵਰਸਿਟੀ,
_c2008.
300 _a214 ਪ.
365 _b 200.00
_cINR
650 _aਫ਼ਾਰਸੀ ਸਾਹਿਤ
650 _aਫ਼ਾਰਸੀ ਕਾਵਿ
942 _2CC
_cTB
_hO164,1F73x 153P8
_n0
999 _c1309122
_d1309122